000 00533nam a2200217Ia 4500
003 OSt
005 20220928144946.0
006 a|||||r|||| 00| 0
007 ta
008 220927b |||||||| |||| 00| 0 eng d
024 _a77365
037 _cTextual
040 _aSDCL
_cSDCL
_beng
041 _2eng
_aeng
082 _aV277V'N8, M4
100 _aChatterjee S N
_9510626
245 0 _aTripura
_b A profile.
260 _c1984
942 _hV277V'N8, M4
_cTEXL
_2CC
999 _c830760
_d830760